000 01087nam a22002657a 4500
003 BR-ViAPE
005 20260513161642.0
008 260513b porbco gsb||| 001 0 por d
020 _q978-85-98928-07-4
040 _cBR-ViAPE
245 _aProvíncia do Espírito Santo:
_bsua descoberta, história cronológica, sinopse e estatística
250 _a2.ed.
260 _aVitória
_bArquivo Público do Estado do Espírito Santo
_c2010
300 _a684 p.
_bil.
_c20cm x 24cm
300 _bLivro disponível em PDF
490 _aColeção Canaã
_vv.12
500 _aObra disponibilizada em PDF por integrar a Coleção Canaã do APEES.
650 _aHistória
_xProvíncia
_zEspírito Santo (Brasil)
651 _aEspírito Santo (Brasil)
700 _aDaemon, Basílio
_d1834 - 1893
_eautor
700 _aSantos Neves, Maria Clara Medeiros
_ecoordenadora
_etranscritora
710 _aArquivo Público do Estado do Espírito Santo
856 _uhttps://ape.es.gov.br/Media/ape/PDF/Livros/Provincia_do_espirito_santo.pdf
_yCLIQUE AQUI PARA ACESSAR O DOCUMENTO
942 _2ddc
_cBK
_n1
999 _c657
_d657